| 000 | 01182nam a22002897a 4500 | ||
|---|---|---|---|
| 005 | 20240530110542.0 | ||
| 008 | 150711s2013 jo d f b 000 0 ara d | ||
| 017 |
_a2011/8/3057 _bالاردن . دائرة المكتبات الوطنية |
||
| 020 | _a9789957326470 | ||
| 040 | _aEG-CaGPL | ||
| 082 | 0 | 4 |
_221 _a355.24\ _bم ت |
| 100 | 0 | _aموفق محمد الضمور | |
| 245 | 1 | 0 |
_aتطور الصناعات العسكرية : _bالاردن انموذجا / _cموفق محمد الضمور |
| 250 | _aط1 | ||
| 260 |
_aعمان : _bدار الحامد للنشر والتوزيع ، _c2013 . |
||
| 300 |
_a156 ص : _bايض ؛ _c24 سم |
||
| 504 | _aيشتمل على ارجاعات ببليوجرافية | ||
| 650 | 0 | 4 |
_aالقوات المسلحة _xاجهزة ومعدات _zالاردن |
| 650 | 0 | 4 |
_aالصناعات الحربية _zالاردن |
| 650 | 0 | 4 |
_aالصناعات الحربية _zالدول النامية |
| 650 | 0 | 4 | _aالاسلحة |
| 650 | 0 | 4 | _aالمعدات العسكرية |
| 650 | 0 | 4 | _aالصناعات الحربية |
| 650 | 0 | 4 | _aالمعدات العسكرية |
| 942 |
_2ddc _cBK |
||
| 999 |
_c62272 _d62272 |
||